L'entretien compréhensif (notice n° 1925142)

détails MARC
000 -LEADER
fixed length control field 00944cam a2200133 4500500
005 - DATE AND TIME OF LATEST TRANSACTION
control field 20260329023147.0
041 ## - LANGUAGE CODE
Language code of text/sound track or separate title fre
042 ## - AUTHENTICATION CODE
Authentication code dc
100 10 - MAIN ENTRY--PERSONAL NAME
Personal name Kaufmann, Jean-Claude
Relator term author
245 00 - TITLE STATEMENT
Title L'entretien compréhensif
260 ## - PUBLICATION, DISTRIBUTION, ETC.
Name of publisher, distributor, etc. Armand Colin,<br/>
Date of publication, distribution, etc. 2016.<br/>
520 ## - SUMMARY, ETC.
Summary, etc. Ce manuel présente de façon concrète les différentes étapes permettant de mener à bien un entretien compréhensif et d’élaborer un cadre d’interprétation. La démarche consiste à s’appuyer sur les catégories de pensée des informateurs, tant pour conduire les entretiens de façon efficace que pour formuler des hypothèses. Elle peut s’appliquer au-delà de l’entretien en face à face, dans les nouveaux espaces d’enquête offerts par Internet. Jusqu’où et comment est-il possible de théoriser en partant du terrain ?
856 41 - ELECTRONIC LOCATION AND ACCESS
Uniform Resource Identifier <a href="https://shs.cairn.info/l-entretien-comprehensif--9782200613976?lang=fr&redirect-ssocas=7080">https://shs.cairn.info/l-entretien-comprehensif--9782200613976?lang=fr&redirect-ssocas=7080</a>

Pas d'exemplaire disponible.

PLUDOC

PLUDOC est la plateforme unique et centralisée de gestion des bibliothèques physiques et numériques de Guinée administré par le CEDUST. Elle est la plus grande base de données de ressources documentaires pour les Étudiants, Enseignants chercheurs et Chercheurs de Guinée.

Adresse

627 919 101/664 919 101

25 boulevard du commerce
Kaloum, Conakry, Guinée

Réseaux sociaux

Powered by Netsen Group @ 2025